Les 2 villes les plus peuplées par région française en C - Statistiques

Statistiques générales
  • Ce quiz a été pris 112 fois
  • Le résultat moyen est 15 sur 26
Statistiques - réponses
Régions Départements Population Villes % Correct
Normandie Calvados 108 000 Caen
93%
Provence Alpes Côte d’Azur Alpes Maritimes 74 000 Cannes
90%
Auvergne Rhône Alpes Puy de Dôme 148 000 Clermont Ferrand
90%
Manche 78 000 Cherbourg en Cotentin
81%
Grand Est Haut Rhin 67 000 Colmar
81%
Occitanie Aude 46 000 Carcassonne
80%
Hauts de France Pas de Calais 68 000 Calais
79%
Savoie 60 000 Chambéry
77%
Eure et Loir 38 000 Chartres
75%
Ardennes 48 000 Charleville Mézières
73%
Centre Val de Loire Indre 43 000 Châteauroux
68%
Île de France Val de Marne 93 000 Créteil
68%
Pays de la Loire Maine et Loire 54 000 Cholet
61%
Haute Corse 6 000 Calvi
60%
Bourgogne Franche Comté Saône et Loire 45 000 Chalon sur Saône
59%
Tarn 43 000 Castres
58%
Corse Haute Corse 8 000 Corte
53%
Oise 41 000 Compiègne
52%
Alpes Maritimes 53 000 Cagnes sur Mer
45%
Bretagne Finistère 21 000 Concarneau
43%
Hauts de Seine 91 000 Colombes
38%
Nouvelle Aquitaine Vienne 31 000 Chatellerault
34%
Côte d'Or 21 000 Chenôve
20%
Ille et Vilaine 18 000 Cesson Sévigné
18%
Gironde 27 000 Cénon
16%
Loire Atlantique 24 000 Couëron
11%
Aucun quiz correspondant
Distribution des résultats
% des personnes avec chaque résultat
Percentile par nombre de réponses
Votre historique - résultats
Vous n’avez pas pris ce quiz